000 00557nam a2200193Ia 4500
003 LDD
008 181029s9999 xx 000 0 und d
020 _a1402050194
_cE69.95
040 _cLDD
100 _aSavary, S.
245 0 _aPlant disease epidemiology
_bfacing challenges of the 21thcentury
_cS. Savary
260 _aNetherland
_bSpringer
_c2006
300 _a138p.
365 _bE 69.95
901 _a3750
_b29-01-2007
902 _a1922
_b27-02-2007
_cF
_dASIAN
903 _aDiscount-10
_bReqst by : Sokhi, Jaswant (Dr. Mrs.)
942 _2ddc
_cBK
999 _c78219
_d78219